Manual of molecular and clinical laboratory immunology / (Record no. 51241)
[ view plain ]
| 000 -LEADER | |
|---|---|
| fixed length control field | 00767nam a2200253Ia 4500 |
| 005 - DATE AND TIME OF LATEST TRANSACTION | |
| control field | 20260429111857.0 |
| 008 - FIXED-LENGTH DATA ELEMENTS--GENERAL INFORMATION | |
| fixed length control field | 260429s9999||||xx |||||||||||||| ||und|| |
| 020 ## - INTERNATIONAL STANDARD BOOK NUMBER | |
| International Standard Book Number | 9781555813642 |
| 041 ## - LANGUAGE CODE | |
| Language | English |
| 082 ## - DEWEY DECIMAL CLASSIFICATION NUMBER | |
| Classification number | 616.075 |
| Item number | DET |
| 100 ## - MAIN ENTRY--PERSONAL NAME | |
| Personal name | Detrick, Barbara |
| 245 #0 - TITLE STATEMENT | |
| Title | Manual of molecular and clinical laboratory immunology / |
| Statement of responsibility, etc | Barbara Detrick |
| 250 ## - EDITION STATEMENT | |
| Edition statement | 7th ed. |
| 260 ## - PUBLICATION, DISTRIBUTION, ETC. (IMPRINT) | |
| Place of publication, distribution, etc | Washington : |
| Name of publisher, distributor, etc | American Society for Microbiology Press, |
| Date of publication, distribution, etc | 2006. |
| 300 ## - PHYSICAL DESCRIPTION | |
| Extent | xxvi, 1340 p.; hb |
| 650 ## - SUBJECT ADDED ENTRY--TOPICAL TERM | |
| Topical term or geographic name as entry element | Clinical laboratory science |
| 650 ## - SUBJECT ADDED ENTRY--TOPICAL TERM | |
| Topical term or geographic name as entry element | Diagnostic immunology |
| 650 ## - SUBJECT ADDED ENTRY--TOPICAL TERM | |
| Topical term or geographic name as entry element | Medical laboratory technology |
| 650 ## - SUBJECT ADDED ENTRY--TOPICAL TERM | |
| Topical term or geographic name as entry element | Molecular diagnostics |
| 650 ## - SUBJECT ADDED ENTRY--TOPICAL TERM | |
| Topical term or geographic name as entry element | Immunology |
| 700 ## - ADDED ENTRY--PERSONAL NAME | |
| Personal name | Folds, James D. |
| 700 ## - ADDED ENTRY--PERSONAL NAME | |
| Personal name | Hamilton, Robert G. |
| 942 ## - ADDED ENTRY ELEMENTS (KOHA) | |
| Koha item type | Text Books |
| Withdrawn status | Lost status | Damaged status | Not for loan | Collection code | Home library | Location | Shelving location | Date of Cataloging | Source of acquisition | Total Checkouts | Full call number | Barcode | Date last seen | Price effective from | Koha item type |
|---|---|---|---|---|---|---|---|---|---|---|---|---|---|---|---|
| Non-fiction | CUTN Central Library | CUTN Central Library | Medicine, Technology & Management | 29/04/2026 | Kiran Book Centre, Bengaluru - Invoice No. 302/25-26 on 11-02-2026 | 616.075 DET | 56105 | 29/04/2026 | 29/04/2026 | Text Books |
